[Event "Florianopolis Winter op 8th"]
[Site "Florianopolis"]
[Date "2024.07.14"]
[Round "9"]
[White "De Oliveira, Jairo Quintiliano"]
[Black "Marques Junior, Marcos Antonio"]
[Result "0-1"]
[WhiteElo "1993"]
[BlackElo "1872"]
[PlyCount "90"]
[EventDate "2024.07.09"]
[EventType "swiss"]
[EventRounds "9"]
[EventCountry "BRA"]
[SourceTitle "CBM 221 Extra"]
[Source "ChessBase"]
[SourceDate "2024.09.30"]
[SourceVersion "1"]
[SourceVersionDate "2024.09.30"]
[SourceQuality "1"]

1. e4 c5 2. Nf3 Nc6 3. d4 cxd4 4. Nxd4 g6 5. Nc3 Bg7 6. Be3 Nf6 7. Bc4 Qa5 8. 0-0 0-0 9. Nb3 Qc7 10. Be2 d6 11. f4 a6 12. g4 b5 13. g5 Nd7 14. Nd5 Qd8 15. Nd4 Bb7 16. Nxc6 Bxc6 17. c3 Re8 18. f5 e6 19. fxg6 hxg6 20. Nb4 Bxe4 21. Qxd6 Be5 22. Qd2 Qc7 23. Bf3 Qb7 24. Bxe4 Qxe4 25. Qf2 Bxh2+ 26. Kxh2 Ne5 27. Qf4 Qxe3 28. Rae1 Qxf4+ 29. Rxf4 Nc4 30. b3 Nd6 31. Rd1 e5 32. Rf6 Ne4 33. Rxa6 Rxa6 34. Nxa6 Ra8 35. Nb4 Nxg5 36. Rd5 Rc8 37. Rxb5 Rxc3 38. Kg2 f6 39. Rb7 Ne4 40. Nd5 Rd3 41. Ne7+ Kf7 42. Nc8+ Ke6 43. a4 Nc5 44. Rb6+ Kf5 45. a5 Rxb3 0-1

[Event "Florianopolis Winter op 8th"]
[Site "Florianopolis"]
[Date "2024.07.10"]
[Round "3"]
[White "Marques Junior, Marcos Antonio"]
[Black "Ferreira, Carlos Eduardo"]
[Result "0-1"]
[WhiteElo "1872"]
[BlackElo "1689"]
[PlyCount "96"]
[EventDate "2024.07.09"]
[EventType "swiss"]
[EventRounds "9"]
[EventCountry "BRA"]
[SourceTitle "CBM 221 Extra"]
[Source "ChessBase"]
[SourceDate "2024.09.30"]
[SourceVersion "1"]
[SourceVersionDate "2024.09.30"]
[SourceQuality "1"]

1. d4 d5 2. c4 e6 3. Nc3 Nf6 4. Bg5 Be7 5. cxd5 exd5 6. e3 c6 7. Bd3 0-0 8. Qc2 Nbd7 9. Nge2 Re8 10. 0-0 Nf8 11. Rad1 Bg4 12. f3 Bh5 13. Ng3 Bg6 14. Nf5 Bxf5 15. Bxf5 Nh5 16. Bxe7 Qxe7 17. e4 g6 18. Bg4 Nf6 19. exd5 cxd5 20. Bh3 N8d7 21. Qd2 Qd6 22. Rc1 a6 23. g3 b5 24. Rc2 Re7 25. Ne2 Rae8 26. Nf4 Nb8 27. Rfc1 Qb6 28. Rc5 Qd6 29. Bf1 Kg7 30. Kf2 h6 31. Nd3 Nfd7 32. R5c2 f5 33. Nb4 Nf6 34. Rc5 g5 35. Bd3 g4 36. Nc6 Rc7 37. Nxb8 Rxc5 38. Rxc5 Qxb8 39. Bxf5 gxf3 40. Qc1 Ne4+ 41. Bxe4 dxe4 42. Rc7+ Kg8 43. Qf4 e3+ 44. Ke1 f2+ 45. Ke2 f1Q+ 46. Kxf1 Rf8 47. Rc6 Rxf4+ 48. gxf4 Qxf4+ 0-1

[Event "Florianopolis Autumn op"]
[Site "Florianopolis"]
[Date "2024.04.13"]
[Round "4"]
[White "Goncalves, Nata"]
[Black "Marques Junior, Marcos Antonio"]
[Result "0-1"]
[WhiteElo "1988"]
[BlackElo "1887"]
[PlyCount "36"]
[EventDate "2024.04.12"]
[EventType "swiss"]
[EventRounds "6"]
[EventCountry "BRA"]
[SourceTitle "CBM 219 Extra"]
[Source "ChessBase"]
[SourceDate "2024.05.31"]
[SourceVersion "1"]
[SourceVersionDate "2024.05.31"]
[SourceQuality "1"]

1. c4 c6 2. g3 d5 3. Nf3 Nf6 4. Bg2 e6 5. b3 Bd6 6. 0-0 Nbd7 7. Bb2 0-0 8. d3 Qe7 9. Nbd2 e5 10. cxd5 cxd5 11. d4 e4 12. Ne1 e3 13. fxe3 Qxe3+ 14. Kh1 Ng4 15. Nd3 Nxh2 16. Kxh2 Bxg3+ 17. Kh3 Nf6+ 18. Rf5 Bxf5# 0-1

[Event "Florianopolis op 10th"]
[Site "Florianopolis"]
[Date "2024.01.25"]
[Round "7"]
[White "Barbosa, Rafael Santos"]
[Black "Marques Junior, Marcos Antonio"]
[Result "0-1"]
[WhiteElo "1524"]
[BlackElo "1818"]
[PlyCount "89"]
[EventDate "2024.01.20"]
[EventType "swiss"]
[EventRounds "10"]
[EventCountry "BRA"]
[SourceTitle "CBM 218 Extra"]
[Source "ChessBase"]
[SourceDate "2024.03.31"]
[SourceVersion "1"]
[SourceVersionDate "2024.03.31"]
[SourceQuality "1"]

1. d4 d5 2. c4 e6 3. Nc3 c5 4. cxd5 exd5 5. Nf3 Nc6 6. e3 Nf6 7. Be2 a6 8. a3 cxd4 9. Nxd4 Bd6 10. 0-0 0-0 11. Bf3 Ne5 12. Nce2 Re8 13. b3 Bc7 14. Ng3 Nxf3+ 15. Nxf3 Ne4 16. Nxe4 dxe4 17. Qxd8 Rxd8 18. Nd4 Bd7 19. Bb2 Be5 20. Rac1 Rac8 21. Rxc8 Rxc8 22. Rc1 f6 23. Rxc8+ Bxc8 24. h3 h5 25. Kf1 Kf7 26. Bc3 Bd6 27. b4 Be5 28. Ne2 Ke6 29. Bxe5 Kxe5 30. Nc3 h4 31. Kg1 g5 32. Kh2 Bd7 33. Kg1 f5 34. Kh2 f4 35. Kg1 f3 36. Kh2 Be6 37. g4 Bb3 38. Kg1 Bc4 39. Kh1 Bf1 40. Kh2 b5 41. Kg1 Bxh3 42. Kh2 Bxg4 43. Kg1 Be6 44. Kh2 g4 45. Kg1 0-1

[Event "Florianopolis op-A 04"]
[Site "Florianopolis"]
[Date "2023.04.30"]
[Round "4"]
[White "Marques Junior, Marcos Antonio"]
[Black "De Oliveira, Jairo Quintiliano"]
[Result "0-1"]
[WhiteElo "1837"]
[BlackElo "1752"]
[PlyCount "82"]
[EventDate "2023.04.28"]
[EventType "swiss"]
[EventRounds "6"]
[EventCountry "BRA"]
[SourceTitle "CBM 214 Extra"]
[Source "ChessBase"]
[SourceDate "2023.07.31"]
[SourceVersion "1"]
[SourceVersionDate "2023.07.31"]
[SourceQuality "1"]

1. e4 e5 2. Nf3 Nc6 3. Bc4 Bc5 4. 0-0 Nf6 5. d3 d6 6. a4 a6 7. Nc3 Bg4 8. Be3 Nd4 9. Bxd4 Bxd4 10. h3 Bxf3 11. Qxf3 Bxc3 12. bxc3 0-0 13. a5 c6 14. Bb3 d5 15. exd5 cxd5 16. c4 e4 17. Qe2 dxc4 18. Bxc4 Re8 19. Qd2 Rc8 20. Qb4 Qe7 21. Rab1 Rc7 22. Qb6 exd3 23. Bxd3 Nd5 24. Qd4 Nc3 25. Rb6 Rd8 26. Qf4 Rxd3 27. Qxc7 Ne2+ 28. Kh1 Rxh3+ 29. gxh3 Qxc7 30. Rfb1 Qf4 31. Kg2 Qe4+ 32. f3 Nf4+ 33. Kg3 Nh5+ 34. Kf2 Qxc2+ 35. Kg1 Nf4 36. R6b2 Qc5+ 37. Kh2 g6 38. h4 Qxa5 39. Rxb7 Qd2+ 40. Kg3 Nh5+ 41. Kh3 Qf2 0-1

[Event "Florianopolis op-A 04"]
[Site "Florianopolis"]
[Date "2023.04.29"]
[Round "3"]
[White "Marques Junior, Marcos Antonio"]
[Black "Lopes, Marcelo Ferreira"]
[Result "1-0"]
[WhiteElo "1837"]
[BlackElo "1943"]
[PlyCount "59"]
[EventDate "2023.04.28"]
[EventType "swiss"]
[EventRounds "6"]
[EventCountry "BRA"]
[SourceTitle "CBM 214 Extra"]
[Source "ChessBase"]
[SourceDate "2023.07.31"]
[SourceVersion "1"]
[SourceVersionDate "2023.07.31"]
[SourceQuality "1"]

1. e4 e6 2. d4 d5 3. Nc3 Bb4 4. e5 c5 5. a3 Bxc3+ 6. bxc3 Ne7 7. h4 Qc7 8. Rb1 Nbc6 9. Nf3 Bd7 10. h5 h6 11. Bd3 cxd4 12. cxd4 Na5 13. Qe2 Nc4 14. Bxc4 dxc4 15. Nd2 Nf5 16. Nxc4 b5 17. Nd6+ Nxd6 18. exd6 Qxd6 19. Qg4 Kf8 20. 0-0 f5 21. Qh4 Bc6 22. Re1 Qd5 23. Qg3 Rd8 24. Bf4 Rg8 25. Re5 Qd7 26. Rbe1 Bd5 27. Bd2 Qf7 28. Bb4+ Ke8 29. Rxd5 Rxd5 30. Qb8+ 1-0

[Event "Florianopolis Autumn op U2300"]
[Site "Florianopolis"]
[Date "2022.05.15"]
[Round "6"]
[White "Marques Junior, Marcos Antonio"]
[Black "Almeida Junior, Alvaro Alves de"]
[Result "1-0"]
[WhiteElo "1802"]
[BlackElo "2044"]
[PlyCount "59"]
[EventDate "2022.05.13"]
[EventType "swiss"]
[EventRounds "6"]
[EventCountry "BRA"]
[SourceTitle "CBM 208 Extra"]
[Source "ChessBase"]
[SourceDate "2022.07.31"]
[SourceVersion "1"]
[SourceVersionDate "2022.07.31"]
[SourceQuality "1"]

1. e4 c5 2. Nf3 a6 3. c4 e6 4. Nc3 Nc6 5. Be2 Nf6 6. 0-0 Be7 7. d4 cxd4 8. Nxd4 d6 9. Nc2 0-0 10. a3 Qc7 11. Ne3 b6 12. b3 Bb7 13. Re1 Ne5 14. Qc2 Rac8 15. Bb2 Rfd8 16. Bf1 d5 17. exd5 Nfg4 18. Nxg4 Nxg4 19. g3 Bc5 20. Ne4 Rxd5 21. Qe2 Nxf2 22. Nxc5 Rxc5 23. Qxf2 Rf5 24. Qd4 Rg5 25. Bg2 Rd8 26. Qe3 h6 27. Rad1 Rc8 28. Be5 Qe7 29. Rd6 Qd7 30. Bf4 1-0

[Event "Florianopolis op 8th"]
[Site "Florianopolis"]
[Date "2022.01.27"]
[Round "5"]
[White "Marques Junior, Marcos Antonio"]
[Black "Spieker, Otavio Schmidt"]
[Result "1-0"]
[WhiteElo "1787"]
[BlackElo "1079"]
[PlyCount "53"]
[EventDate "2022.01.24"]
[EventType "swiss"]
[EventRounds "10"]
[EventCountry "BRA"]
[SourceTitle "CBM 206 Extra"]
[Source "ChessBase"]
[SourceDate "2022.03.31"]
[SourceVersion "1"]
[SourceVersionDate "2022.03.31"]
[SourceQuality "1"]

1. e4 e5 2. Nf3 Nc6 3. Bc4 Bc5 4. c3 d6 5. 0-0 h6 6. d4 exd4 7. cxd4 Bb6 8. h3 Nge7 9. Nc3 a6 10. Be3 Ba7 11. Qd2 Ng6 12. Rfe1 Nh4 13. Nxh4 Qxh4 14. Nd5 Bb8 15. e5 dxe5 16. Rac1 0-0 17. dxe5 Be6 18. Bb3 Rd8 19. g3 Qxh3 20. Rxc6 Bxd5 21. Bxd5 Kh8 22. Bxh6 bxc6 23. Bxg7+ Kg8 24. Qg5 Qh7 25. Bh6+ Kh8 26. Qf6+ Kg8 27. Qxd8# 1-0

[Event "Florianopolis op 6th"]
[Site "Florianopolis"]
[Date "2020.01.23"]
[Round "5"]
[White "Marques Junior, Marcos Antonio"]
[Black "Calcado, Acyr Rogerio"]
[Result "0-1"]
[WhiteElo "1771"]
[BlackElo "2132"]
[PlyCount "38"]
[EventDate "2020.01.20"]
[EventType "swiss"]
[EventRounds "10"]
[EventCountry "BRA"]
[SourceTitle "CBM 194 Extra"]
[Source "ChessBase"]
[SourceDate "2020.03.31"]
[SourceVersion "1"]
[SourceVersionDate "2020.03.31"]
[SourceQuality "1"]

1. e4 c5 2. Nf3 e6 3. d4 cxd4 4. Nxd4 Nc6 5. Nc3 Qc7 6. Be2 a6 7. 0-0 Nf6 8. Kh1 Nxd4 9. Qxd4 Bc5 10. Qd3 b5 11. f4 b4 12. Na4 Bb7 13. Bf3 Rc8 14. Bd2 Be7 15. c3 Bc6 16. Qxa6 Rb8 17. cxb4 Bb5 18. Rfc1 Qxc1+ 19. Rxc1 Bxa6 0-1

[Event "Florianopolis Winter op 5th"]
[Site "Florianopolis"]
[Date "2019.08.31"]
[Round "4"]
[White "Marques Junior, Marcos Antonio"]
[Black "Kanzler, Karina Daniela Ferr"]
[Result "1-0"]
[WhiteElo "1761"]
[BlackElo "1914"]
[PlyCount "51"]
[EventDate "2019.08.30"]
[EventType "swiss"]
[EventRounds "7"]
[EventCountry "BRA"]
[SourceTitle "EXT 2020"]
[Source "ChessBase"]
[SourceDate "2019.10.17"]
[SourceVersion "1"]
[SourceVersionDate "2019.10.17"]
[SourceQuality "1"]

1. e4 e5 2. Nf3 Nc6 3. Bb5 g6 4. c3 Bg7 5. 0-0 Nge7 6. d4 exd4 7. cxd4 0-0 8. Bg5 a6 9. Bc4 b5 10. Bb3 Bb7 11. Qd2 d6 12. Re1 Qd7 13. h3 Nc8 14. Nc3 Nb6 15. Nd5 Nxd5 16. exd5 Nd8 17. Re7 Qf5 18. Nh4 Qc8 19. Rc1 Qb8 20. Rcxc7 a5 21. Bh6 a4 22. Bxg7 Kxg7 23. Nf5+ Kg8 24. Qh6 gxf5 25. Re3 f4 26. Bc2 1-0

[Event "Sao Bento do Sul op 05"]
[Site "Sao Bento do Sul"]
[Date "2019.05.19"]
[Round "7"]
[White "De Castro Junior, Klever Riderson"]
[Black "Marques Junior, Marcos Antonio"]
[Result "0-1"]
[WhiteElo "1317"]
[BlackElo "1795"]
[PlyCount "54"]
[EventDate "2019.05.17"]
[EventType "swiss"]
[EventRounds "7"]
[EventCountry "BRA"]
[SourceTitle "CBM 195 Extra"]
[Source "ChessBase"]
[SourceDate "2020.05.31"]
[SourceVersion "1"]
[SourceVersionDate "2020.05.31"]
[SourceQuality "1"]

1. d4 Nf6 2. e3 d5 3. Nf3 Bf5 4. b3 e6 5. Bb2 Bd6 6. Nbd2 c6 7. Rc1 0-0 8. c4 h6 9. Be2 Nbd7 10. Ne5 Bh7 11. 0-0 Qe7 12. Nxd7 Nxd7 13. c5 Bc7 14. f4 f6 15. Rf3 e5 16. fxe5 fxe5 17. Rh3 e4 18. Bh5 Bf5 19. Bg4 Qg5 20. Bxf5 Rxf5 21. Qe2 Raf8 22. Rf1 Nf6 23. Rxf5 Qxf5 24. Qf1 Qg5 25. Qf2 Ng4 26. Qh4 Bxh2+ 27. Rxh2 Qxe3+ 0-1

[Event "Sao Bento do Sul op 05"]
[Site "Sao Bento do Sul"]
[Date "2019.05.18"]
[Round "5"]
[White "Calcada, Henrique Galvan"]
[Black "Marques Junior, Marcos Antonio"]
[Result "0-1"]
[WhiteElo "1356"]
[BlackElo "1795"]
[PlyCount "82"]
[EventDate "2019.05.17"]
[EventType "swiss"]
[EventRounds "7"]
[EventCountry "BRA"]
[SourceTitle "CBM 195 Extra"]
[Source "ChessBase"]
[SourceDate "2020.05.31"]
[SourceVersion "1"]
[SourceVersionDate "2020.05.31"]
[SourceQuality "1"]

1. Nf3 Nf6 2. g3 c5 3. Bg2 g6 4. d4 cxd4 5. Nxd4 Bg7 6. 0-0 0-0 7. c4 d6 8. Nc3 Nbd7 9. e4 a6 10. Re1 Qc7 11. Qe2 Ne5 12. b3 b5 13. Nd5 Nxd5 14. cxd5 Bb7 15. Bb2 Rfc8 16. Rac1 Qa5 17. Ba1 Nd7 18. Bh3 Qd8 19. Nc6 Qe8 20. Bxg7 Kxg7 21. Qb2+ Kg8 22. Red1 a5 23. Kg2 Ra6 24. Nd4 Rxc1 25. Rxc1 Nc5 26. Qe2 b4 27. f3 Ra8 28. Kf2 Ba6 29. Rc4 Bxc4 30. Qxc4 Qb8 31. Nc6 Qb7 32. Ke3 a4 33. Nxb4 axb3 34. axb3 Ra3 35. Nc6 Rxb3+ 36. Kf4 Nd3+ 37. Kg5 Kg7 38. Qd4+ f6+ 39. Kg4 Qd7+ 40. Kh4 g5+ 41. Kh5 Qxh3# 0-1

[Event "Florianopolis op 5th"]
[Site "Florianopolis"]
[Date "2019.01.22"]
[Round "2"]
[White "Da Silva, Marcos Henrique"]
[Black "Marques Junior, Marcos Antonio"]
[Result "0-1"]
[WhiteElo "1448"]
[BlackElo "1773"]
[PlyCount "56"]
[EventDate "2019.01.21"]
[EventType "swiss"]
[EventRounds "10"]
[EventCountry "BRA"]
[SourceTitle "CBM 188 Extra"]
[Source "ChessBase"]
[SourceDate "2019.02.28"]
[SourceVersion "1"]
[SourceVersionDate "2019.02.28"]
[SourceQuality "1"]

1. e4 e5 2. Nf3 Nc6 3. Bb5 a6 4. Bxc6 dxc6 5. h3 Nf6 6. 0-0 Bd6 7. Nxe5 Bxe5 8. d4 Qxd4 9. Nc3 Qxd1 10. Nxd1 0-0 11. Re1 Re8 12. Nc3 Bxc3 13. bxc3 Rxe4 14. Be3 Bf5 15. Rab1 b6 16. Rb2 Nd5 17. g4 Bg6 18. Kf1 Rae8 19. Bd2 Rxe1+ 20. Bxe1 Nf4 21. Bd2 Re4 22. f3 Rc4 23. Be3 Nd5 24. Bd4 f6 25. Rb3 Bxc2 26. Ra3 Kf7 27. Rxa6 Rxd4 28. cxd4 Bd3+ 0-1

[Event "Florianopolis Regional STD op"]
[Site "Florianopolis"]
[Date "2018.10.14"]
[Round "5"]
[White "Gomes, Carlos"]
[Black "Marques Junior, Marcos Antonio"]
[Result "1-0"]
[WhiteElo "1548"]
[BlackElo "1800"]
[PlyCount "105"]
[EventDate "2018.10.12"]
[EventType "swiss"]
[EventRounds "6"]
[EventCountry "BRA"]
[SourceTitle "CBM 186 Extra"]
[Source "ChessBase"]
[SourceDate "2018.08.24"]
[SourceVersion "1"]
[SourceVersionDate "2018.08.24"]
[SourceQuality "1"]

1. e4 e6 2. g3 d5 3. Bg2 dxe4 4. Bxe4 Bc5 5. Nc3 Nf6 6. Bg2 0-0 7. Nf3 e5 8. 0-0 Re8 9. d3 h6 10. h3 Nc6 11. Re1 Nh5 12. Be3 Bxe3 13. Rxe3 Nf6 14. Qe1 Nd4 15. Rc1 Nxf3+ 16. Rxf3 c6 17. Re3 Qd4 18. Qe2 Bf5 19. Re1 Nd7 20. Nd1 Re6 21. c3 Qd6 22. g4 Bg6 23. d4 Rae8 24. Qd2 Nb6 25. b3 Rd8 26. Qe2 exd4 27. cxd4 Rf6 28. Re8+ Kh7 29. Rxd8 Qxd8 30. Qe7 Qxe7 31. Rxe7 Re6 32. Rxe6 fxe6 33. Nc3 a5 34. Be4 Nd5 35. Bxg6+ Kxg6 36. Nxd5 exd5 37. f4 h5 38. Kf2 b6 39. Ke3 Kf6 40. Kd3 hxg4 41. hxg4 Ke6 42. Kc3 b5 43. b4 a4 44. a3 Kf6 45. Kd3 g5 46. Ke3 Kg6 47. fxg5 Kxg5 48. Kf3 Kg6 49. Kf4 Kf6 50. g5+ Kg6 51. Kg4 Kg7 52. Kf5 Kf7 53. Ke5 1-0